[Event "HUN-chT2 Szechenyi 1718"]
[Site "Hungary"]
[Date "2018.03.04"]
[Round "7.9"]
[White "Hadrik, Csaba"]
[Black "Schleinig, Pal"]
[Result "1/2-1/2"]
[WhiteElo "1918"]
[BlackElo "1863"]
[PlyCount "22"]
[EventDate "2017.10.29"]
[EventType "team-tourn"]
[EventRounds "9"]
[EventCountry "HUN"]
[SourceTitle "EXT 2021"]
[Source "ChessBase"]
[SourceDate "2020.10.23"]
[SourceVersion "1"]
[SourceVersionDate "2020.10.23"]
[SourceQuality "1"]
[WhiteTeam "Sarvar"]
[BlackTeam "Keszthely Spartacus"]
[WhiteTeamCountry "HUN"]
[BlackTeamCountry "HUN"]

1. c4 Nf6 2. Nc3 g6 3. d4 d6 4. Nf3 Bg7 5. e4 Bg4 6. Be2 0-0 7. 0-0 Bxf3 8. Bxf3 e5 9. d5 a5 10. Qb3 b6 11. Be3 Na6 1/2-1/2

[Event "HUN-chT4 1617"]
[Site "Hungary"]
[Date "2017.02.19"]
[Round "5.4"]
[White "Posfai, Zoltan"]
[Black "Hadrik, Csaba"]
[Result "0-1"]
[WhiteElo "1741"]
[BlackElo "1921"]
[PlyCount "74"]
[EventDate "2016.10.02"]
[EventType "team-tourn"]
[EventRounds "7"]
[EventCountry "HUN"]
[SourceTitle "EXT 2019"]
[Source "ChessBase"]
[SourceDate "2018.10.10"]
[SourceVersion "1"]
[SourceVersionDate "2018.10.10"]
[SourceQuality "1"]

1. e4 c5 2. Nf3 d6 3. d4 cxd4 4. Nxd4 Nf6 5. Bd3 g6 6. 0-0 Bg7 7. c3 0-0 8. h3 Nc6 9. Nxc6 bxc6 10. Be3 a5 11. Nd2 c5 12. Qe2 Qc7 13. b3 Nd7 14. Rac1 Ne5 15. Bb1 Ba6 16. c4 Nc6 17. f4 Rad8 18. Qf2 Bb7 19. Nf3 e5 20. Rcd1 Rfe8 21. Rfe1 exf4 22. Bxf4 Ne5 23. Kh1 Nxf3 24. gxf3 Bc8 25. Qg2 Bc3 26. Re3 Bd4 27. Red3 Qd7 28. Kh2 Qe6 29. Bg3 h5 30. R3d2 Qf6 31. Re2 h4 32. Bf2 Qf4+ 33. Kh1 Bxf2 34. Rxf2 Re5 35. Rg1 Rde8 36. Qh2 Qe3 37. Qg2 Bxh3 0-1

[Event "HUN-chT2 Szechenyi 1516"]
[Site "Hungary"]
[Date "2015.10.04"]
[Round "2.6"]
[White "Korcz, Sandor"]
[Black "Hadrik, Csaba"]
[Result "0-1"]
[WhiteElo "1930"]
[BlackElo "1949"]
[PlyCount "88"]
[EventDate "2015.09.13"]
[EventType "team-tourn"]
[EventRounds "11"]
[EventCountry "HUN"]
[SourceTitle "CBM 170 Extra"]
[Source "ChessBase"]
[SourceDate "2016.02.25"]
[SourceVersion "1"]
[SourceVersionDate "2016.02.25"]
[SourceQuality "1"]
[WhiteTeam "Csuti Baki Agrocentrum"]
[BlackTeam "Sarvar"]
[WhiteTeamCountry "HUN"]
[BlackTeamCountry "HUN"]

1. e4 c5 2. Nf3 Nc6 3. d4 cxd4 4. Nxd4 a6 5. c4 e6 6. Nxc6 bxc6 7. Nc3 Nf6 8. Qf3 d5 9. Bg5 Be7 10. Bf4 Bb7 11. e5 Nd7 12. Be2 d4 13. Ne4 Qa5+ 14. Nd2 Nxe5 15. Qg3 Ng6 16. 0-0 e5 17. Nb3 Qc7 18. Bd2 c5 19. Bd3 Bd6 20. Qg4 0-0 21. h4 Ne7 22. Bh6 Ng6 23. h5 gxh6 24. hxg6 fxg6 25. f3 Rf4 26. Qe6+ Kg7 27. Nd2 Raf8 28. Ne4 Bxe4 29. Bxe4 Be7 30. Qxa6 Bg5 31. Qe6 R4f6 32. Qh3 Be3+ 33. Kh1 Qe7 34. g3 h5 35. a4 g5 36. a5 Rh6 37. Kg2 g4 38. fxg4 h4 39. Rf5 hxg3 40. Qxg3 Bf4 41. Qe1 Rh2+ 42. Kg1 Rxf5 43. Bxf5 Qb7 44. Be4 Qxb2 0-1

[Event "HUN-chT4 1314"]
[Site "Hungary"]
[Date "2013.12.08"]
[Round "5.3"]
[White "Kovacs, Dezso"]
[Black "Hadrik, Csaba"]
[Result "0-1"]
[WhiteElo "1923"]
[BlackElo "1955"]
[PlyCount "102"]
[EventDate "2013.10.13"]
[EventType "team-tourn"]
[EventRounds "11"]
[EventCountry "HUN"]
[SourceTitle "EXT 2016"]
[Source "ChessBase"]
[SourceDate "2015.10.08"]
[SourceVersion "1"]
[SourceVersionDate "2015.10.08"]
[SourceQuality "1"]

1. c4 e5 2. Nc3 f5 3. g3 Nf6 4. Bg2 g6 5. d3 Bg7 6. Bg5 c6 7. Qd2 d6 8. h3 Be6 9. e4 0-0 10. 0-0-0 Qc7 11. Kb1 Na6 12. exf5 Bxf5 13. g4 Be6 14. Bh6 Nc5 15. Bxg7 Kxg7 16. f3 Rad8 17. h4 h5 18. gxh5 Nxh5 19. Nge2 Bf5 20. Ne4 Ne6 21. Bh3 Bxh3 22. Rxh3 d5 23. cxd5 cxd5 24. Ng5 Qd7 25. Rg1 Nef4 26. Nxf4 Rxf4 27. Rh2 Qf5 28. Qc3 Rc4 29. Qa3 Rd7 30. Rd1 Rd4 31. Rhd2 Rxh4 32. Rg1 Rd4 33. Ka1 Nf4 34. Rh2 Rxd3 35. Qb4 Qxg5 36. Rgh1 Nh5 37. Qc5 Rxf3 38. Qc8 Rdf7 39. a3 Rf1+ 40. Ka2 Rxh1 41. Rxh1 e4 42. Rd1 Qe5 43. Qc5 Nf6 44. Qc8 d4 45. Rh1 Nh5 46. Qg4 d3 47. Rg1 Qd5+ 48. Kb1 Qf5 49. Qg2 e3 50. Ka1 e2 51. Ka2 Qe6+ 0-1

[Event "HUN-chT4 1314"]
[Site "Hungary"]
[Date "2013.11.24"]
[Round "4.1"]
[White "Hadrik, Csaba"]
[Black "Rako, Istvan"]
[Result "1-0"]
[WhiteElo "1955"]
[BlackElo "2055"]
[PlyCount "70"]
[EventDate "2013.10.13"]
[EventType "team-tourn"]
[EventRounds "11"]
[EventCountry "HUN"]
[SourceTitle "EXT 2016"]
[Source "ChessBase"]
[SourceDate "2015.10.08"]
[SourceVersion "1"]
[SourceVersionDate "2015.10.08"]
[SourceQuality "1"]

1. c4 Nf6 2. Nc3 e6 3. g3 d5 4. cxd5 exd5 5. d4 Bd6 6. Bg2 c6 7. Nf3 0-0 8. 0-0 Nbd7 9. Nd2 Re8 10. e4 dxe4 11. Ndxe4 Nxe4 12. Nxe4 Be7 13. Bf4 Nb6 14. Re1 Nd5 15. Be3 Bf5 16. Nc3 Nxe3 17. fxe3 Qb6 18. Qd2 Bg6 19. Kh1 Bg5 20. Qf2 Rad8 21. h4 Be7 22. Rad1 Bd6 23. e4 Be5 24. Qf3 Bxd4 25. h5 Bxh5 26. Qxh5 Qxb2 27. Ne2 Bb6 28. Rxd8 Rxd8 29. Rf1 Qxa2 30. Nf4 Rf8 31. Qg4 Bd4 32. Bh3 b5 33. Qd7 Qc4 34. Ne6 Bc5 35. Nxf8 Bxf8 1-0

[Event "HUN-chT4 1314"]
[Site "Hungary"]
[Date "2013.10.27"]
[Round "2.2"]
[White "Orosz, Andras"]
[Black "Hadrik, Csaba"]
[Result "1-0"]
[WhiteElo "2180"]
[BlackElo "1949"]
[PlyCount "105"]
[EventDate "2013.10.13"]
[EventType "team-tourn"]
[EventRounds "11"]
[EventCountry "HUN"]
[SourceTitle "EXT 2016"]
[Source "ChessBase"]
[SourceDate "2015.10.08"]
[SourceVersion "1"]
[SourceVersionDate "2015.10.08"]
[SourceQuality "1"]

1. d4 Nf6 2. Bg5 e6 3. Nc3 Be7 4. Nf3 d5 5. Bxf6 Bxf6 6. e4 dxe4 7. Nxe4 Nc6 8. c3 Bd7 9. Qc2 Be7 10. Bd3 0-0 11. 0-0-0 f5 12. Ned2 Rb8 13. Rde1 b5 14. g3 Na5 15. Ne5 c5 16. dxc5 b4 17. cxb4 Rxb4 18. Qc3 Ra4 19. a3 Bf6 20. Bc2 Bxe5 21. Rxe5 Rg4 22. f3 Rg6 23. Nc4 Nc6 24. Re2 Qc7 25. Ne5 Nxe5 26. Rxe5 Bc6 27. Rhe1 Bd5 28. Bb3 Qc6 29. Bxd5 exd5 30. Qd4 Rd8 31. Rxf5 Rgd6 32. Rfe5 Rc8 33. Kb1 Rd7 34. Ka1 h6 35. Re7 Rxe7 36. Rxe7 Qf6 37. Qxd5+ Kh8 38. Qf7 Qg5 39. Re8+ Rxe8 40. Qxe8+ Kh7 41. Qe4+ Kg8 42. Qc4+ Kh7 43. c6 Qd8 44. c7 Qc8 45. Qc6 h5 46. g4 hxg4 47. fxg4 a5 48. h4 a4 49. h5 Kh8 50. g5 Kh7 51. Qe4+ Kh8 52. g6 Kg8 53. Qe7 1-0

[Event "HUN-chT2 Szechenyi 1314"]
[Site "Hungary"]
[Date "2013.10.20"]
[Round "3.9"]
[White "Hadrik, Csaba"]
[Black "Toth, Daniel3333"]
[Result "1/2-1/2"]
[WhiteElo "1949"]
[BlackElo "1838"]
[PlyCount "101"]
[EventDate "2013.09.08"]
[EventType "team-tourn"]
[EventRounds "11"]
[EventCountry "HUN"]
[SourceTitle "EXT 2016"]
[Source "ChessBase"]
[SourceDate "2015.10.08"]
[SourceVersion "1"]
[SourceVersionDate "2015.10.08"]
[SourceQuality "1"]
[WhiteTeam "Sarvar"]
[BlackTeam "Keszthely Spartacus"]
[WhiteTeamCountry "HUN"]
[BlackTeamCountry "HUN"]

1. c4 Nf6 2. Nc3 e5 3. g3 c6 4. Bg2 Bc5 5. e3 0-0 6. Nge2 d6 7. Na4 Bf5 8. Qb3 Na6 9. a3 Bb6 10. 0-0 Re8 11. d3 Rb8 12. Bd2 Bc5 13. Qc2 Qd7 14. b4 b5 15. bxc5 bxa4 16. e4 Be6 17. Qxa4 Nxc5 18. Qc2 Rb7 19. Rfb1 Reb8 20. Bb4 Na6 21. Bc3 Qc7 22. Bd2 Nc5 23. Rb4 Na6 24. Rxb7 Qxb7 25. Be3 Ng4 26. Bc1 Qb3 27. Qd2 Nc5 28. Nc3 Qb7 29. Rb1 Qc7 30. h3 Rxb1 31. Nxb1 Qb6 32. Qc2 Nf6 33. Be3 a6 34. Bxc5 Qxc5 35. Qb3 g6 36. Nc3 Qd4 37. Qb8+ Kg7 38. Qb3 Qxd3 39. Bf1 Qd4 40. Qb4 c5 41. Qb3 Nxe4 42. Nxe4 Qxe4 43. Kh2 d5 44. Qb7 Qe1 45. cxd5 Qxf1 46. dxe6 Qxf2+ 47. Kh1 Qf1+ 48. Kh2 Qe2+ 49. Kg1 Qd1+ 50. Kh2 Qc2+ 51. Kg1 1/2-1/2

[Event "HUN-chT2 Szechenyi 1213"]
[Site "Hungary"]
[Date "2012.12.02"]
[Round "5.6"]
[White "Hadrik, Csaba"]
[Black "Blasko, Jozsef"]
[Result "1-0"]
[WhiteElo "1986"]
[BlackElo "1749"]
[PlyCount "85"]
[EventDate "2012.09.16"]
[EventType "team-tourn"]
[EventRounds "11"]
[EventCountry "HUN"]
[SourceTitle "EXT 2014"]
[Source "ChessBase"]
[SourceDate "2013.11.20"]
[SourceVersion "1"]
[SourceVersionDate "2013.11.20"]
[SourceQuality "1"]
[WhiteTeam "Sarvar"]
[BlackTeam "Zalaegerszeg Bagi"]
[WhiteTeamCountry "HUN"]
[BlackTeamCountry "HUN"]

1. c4 Nf6 2. Nc3 c6 3. g3 g6 4. Bg2 Bg7 5. e4 e5 6. Nf3 d6 7. 0-0 0-0 8. d3 h6 9. Be3 Bg4 10. Qd2 Bxf3 11. Bxf3 Kh7 12. Bg2 Ng4 13. f4 Nxe3 14. Qxe3 f5 15. fxe5 Bxe5 16. exf5 gxf5 17. d4 Bg7 18. Qd3 Qf6 19. Ne2 Nd7 20. Rxf5 Qxf5 21. Be4 Qxe4 22. Qxe4+ Kh8 23. Nf4 Rae8 24. Ng6+ Kg8 25. Ne7+ Kh8 26. Re1 Nf6 27. Qe6 Rxe7 28. Qxe7 d5 29. Qxb7 Ne4 30. Qxa7 c5 31. Rxe4 dxe4 32. Qxc5 Rf3 33. Kg2 Rd3 34. Qc8+ Kh7 35. Qf5+ Kg8 36. Qxe4 Rxd4 37. Qe6+ Kh7 38. b4 Rd2+ 39. Kh3 Rxa2 40. b5 Rd2 41. b6 Rb2 42. b7 Bd4 43. Qe4+ 1-0

[Event "HUN-chT4 1112"]
[Site "Hungary"]
[Date "2011.12.04"]
[Round "3.4"]
[White "Barson, Laszlo"]
[Black "Hadrik, Csaba"]
[Result "1/2-1/2"]
[WhiteElo "2029"]
[BlackElo "1924"]
[PlyCount "33"]
[EventDate "2011.09.11"]
[EventType "team-tourn"]
[EventRounds "9"]
[EventCountry "HUN"]
[SourceTitle "EXT 2016"]
[Source "ChessBase"]
[SourceDate "2015.10.08"]
[SourceVersion "1"]
[SourceVersionDate "2015.10.08"]
[SourceQuality "1"]

1. e4 c5 2. Nf3 Nc6 3. d4 cxd4 4. Nxd4 a6 5. Nc3 e6 6. Be2 Bb4 7. 0-0 Bxc3 8. bxc3 Nf6 9. Bg5 h6 10. Bxf6 Qxf6 11. Nxc6 bxc6 12. Qd4 Qxd4 13. cxd4 0-0 14. Rab1 a5 15. Rb6 d5 16. Rxc6 dxe4 17. Rc7 1/2-1/2

[Event "Puspokladany Arnoth Memorial 04th"]
[Site "Puspokladany"]
[Date "2011.07.28"]
[Round "3"]
[White "Hadrik, Csaba"]
[Black "Orosz, Andras"]
[Result "0-1"]
[WhiteElo "1952"]
[BlackElo "1752"]
[PlyCount "98"]
[EventDate "2011.07.27"]
[EventType "swiss"]
[EventRounds "9"]
[EventCountry "HUN"]
[SourceTitle "EXT 2018"]
[Source "ChessBase"]
[SourceDate "2017.10.13"]
[SourceVersion "1"]
[SourceVersionDate "2017.10.13"]
[SourceQuality "1"]

1. c4 c6 2. Nc3 d5 3. cxd5 cxd5 4. d4 Nc6 5. g3 Bf5 6. Bg2 Nf6 7. Nf3 e6 8. 0-0 h6 9. Bf4 g5 10. Be5 Bd6 11. Bxd6 Qxd6 12. Rc1 a6 13. Qa4 0-0 14. Qb3 Na5 15. Qd1 b5 16. b3 Nc6 17. Qd2 Ne4 18. Qe3 Rac8 19. Nd2 Nxc3 20. Rxc3 Nb4 21. Rxc8 Rxc8 22. Nf3 Nxa2 23. Ra1 Nb4 24. Rc1 Rxc1+ 25. Qxc1 Qc6 26. Qd2 Nc2 27. Ne5 Qc7 28. g4 Bh7 29. h4 f6 30. Nd3 Nxd4 31. hxg5 hxg5 32. Qe3 Bxd3 33. Qxd3 Qe5 34. e3 Nc6 35. Qg6+ Kf8 36. Qh6+ Ke8 37. Qg7 Ne7 38. Qh8+ Kd7 39. Qa8 Qa1+ 40. Kh2 Qa5 41. e4 d4 42. Qb7+ Qc7+ 43. e5 Qxb7 44. Bxb7 fxe5 45. Bxa6 Kc6 46. Kg3 e4 47. f4 exf3 48. Kxf3 d3 49. Ke3 Kb6 0-1

[Event "Puspokladany Arnoth Memorial 04th"]
[Site "Puspokladany"]
[Date "2011.07.27"]
[Round "1"]
[White "Hadrik, Csaba"]
[Black "Szanto, Imre"]
[Result "1-0"]
[WhiteElo "1952"]
[BlackElo "1656"]
[PlyCount "95"]
[EventDate "2011.07.27"]
[EventType "swiss"]
[EventRounds "9"]
[EventCountry "HUN"]
[SourceTitle "EXT 2018"]
[Source "ChessBase"]
[SourceDate "2017.10.13"]
[SourceVersion "1"]
[SourceVersionDate "2017.10.13"]
[SourceQuality "1"]

1. c4 e5 2. Nc3 Nf6 3. g3 g6 4. Bg2 Bg7 5. Nf3 Nc6 6. 0-0 0-0 7. e3 d6 8. d4 exd4 9. exd4 Bf5 10. a3 Rb8 11. Be3 Ng4 12. Bf4 Nf6 13. Qd2 Na5 14. Nh4 Nb3 15. Qd1 Nxa1 16. Nxf5 gxf5 17. Qxa1 Nh5 18. Be3 Kh8 19. Qd1 Nf6 20. Qd3 Ng8 21. Qxf5 Qf6 22. Qd7 c6 23. Ne4 Qe6 24. Qc7 Nf6 25. Nxd6 Qd7 26. Qxd7 Nxd7 27. Nf5 Nb6 28. b3 Nd7 29. Bf4 Rbd8 30. Bc7 Rc8 31. Bd6 Rfe8 32. Bf4 Re6 33. Nd6 Rf8 34. Bh3 Re7 35. Nf5 Re4 36. Nxg7 Rxd4 37. Nf5 Rd3 38. Rb1 Nc5 39. Bd6 Ne6 40. Bxf8 Nxf8 41. Ne7 h6 42. Bf5 Rd2 43. Bc8 Re2 44. Nf5 Ne6 45. Nxh6 Ng5 46. h4 Nf3+ 47. Kg2 Ne1+ 48. Kf1 1-0